UBT Library

CARDIIOVASCULAR PRINCIPLES A REGISTRY EXAM PREPARATION GUIDE (Record no. 47163)

000 -LEADER
fixed length control field 00334nam a22001337a 4500
008 - FIXED-LENGTH DATA ELEMENTS--GENERAL INFORMATION
fixed length control field 180814b xxu||||| |||| 00| 0 eng d
020 ## - INTERNATIONAL STANDARD BOOK NUMBER
International Standard Book Number 0963576763
041 ## - LANGUAGE CODE
Language code of text/sound track or separate title eng
080 ## - UNIVERSAL DECIMAL CLASSIFICATION NUMBER
Universal Decimal Classification number 616.12
100 ## - Rafti
Rafti 7
101 ## - Shkurtesa
Shkurtesa KAR
245 ## - TITLE STATEMENT
Title CARDIIOVASCULAR PRINCIPLES A REGISTRY EXAM PREPARATION GUIDE
Statement of responsibility, etc REYNOLDS.T
942 ## - ADDED ENTRY ELEMENTS (KOHA)
Source of classification or shelving scheme
Item type Books
Holdings
Withdrawn status Lost status Source of classification or shelving scheme Damaged status Not for loan Collection code Permanent location Current location Shelving location Date acquired Total Checkouts Full call number Barcode Date last seen Price effective from Koha item type
          Koleksioni i përgjithshem UBT - Lipjan UBT - Lipjan Koleksioni i përgjithshem 08/14/2018   616.12 REY 002-3011634 08/14/2018 08/14/2018 Books
UBT Library © 2015-2024. All rights reserved University Education for Business and Technology